Say hello to Zorro! / (Record no. 2845)

MARC details
000 -LEADER
fixed length control field 00946cam a2200277 a 4500
005 - DATE AND TIME OF LATEST TRANSACTION
control field 20241128083737.0
020 ## - INTERNATIONAL STANDARD BOOK NUMBER
International Standard Book Number 9780545492225
040 ## - CATALOGING SOURCE
Original cataloging agency DLC
Transcribing agency DLC
Modifying agency DLC
Language of cataloging eng
050 00 - LIBRARY OF CONGRESS CALL NUMBER
Classification number PZ7.G61447
Item number 2011
082 00 - DEWEY DECIMAL CLASSIFICATION NUMBER
Classification number 813.6
100 1# - MAIN ENTRY--PERSONAL NAME
Personal name Goodrich, Carter
245 10 - TITLE STATEMENT
Title Say hello to Zorro! /
Statement of responsibility, etc. Carter Goodrich.
250 ## - EDITION STATEMENT
Edition statement First Scholastic printing , September 2012
260 ## - PUBLICATION, DISTRIBUTION, ETC.
Place of publication, distribution, etc. New York :
Name of publisher, distributor, etc. Scholastic ;
Date of publication, distribution, etc. 2011
300 ## - PHYSICAL DESCRIPTION
Extent 39 unnumbered pages :
Other physical details color illustrations ;
Dimensions 21 cm .
490 ## - SERIES STATEMENT
Series statement Mister Bud and Zorro (1)
505 ## - FORMATTED CONTENTS NOTE
Formatted contents note H <br/>
520 ## - SUMMARY, ETC.
Summary, etc. Mister Bud, the family dog, has a satisfying routine to his life, but when another dog joins the family and disrupts his schedule, Mister Bud must learn to adapt.
521 1# - TARGET AUDIENCE NOTE
Target audience note 450 <br/>
Source Lexile <br/>
521 1# - TARGET AUDIENCE NOTE
Target audience note H <br/>
Source Raz-Plus <br/>
650 #1 - SUBJECT ADDED ENTRY--TOPICAL TERM
Topical term or geographic name entry element Dogs
Form subdivision Fiction.
650 #1 - SUBJECT ADDED ENTRY--TOPICAL TERM
Topical term or geographic name entry element Change
Form subdivision Fiction.
906 ## - LOCAL DATA ELEMENT F, LDF (RLIN)
a 7
b cbc
c orignew
d 1
e ecip
f 20
g y-gencatlg
942 ## - ADDED ENTRY ELEMENTS (KOHA)
Source of classification or shelving scheme Dewey Decimal Classification
Koha item type Books
Suppress in OPAC No
999 ## -
-- 2845
-- 2845
Holdings
Withdrawn status Lost status Source of classification or shelving scheme Damaged status Not for loan Collection Home library Current library Shelving location Date acquired Total Checkouts Full call number Barcode Date last seen Date last checked out Price effective from Koha item type Copy number
    Dewey Decimal Classification     Juvenile Fiction Footprints International School Library Network Toul Kork Campus Footprints International School Library Network Toul Kork Campus   01/17/2024 3 GOO 813.6 PZ7.G61447 FISTK02678 04/08/2024 03/26/2024 01/17/2024 Books  
    Dewey Decimal Classification     Juvenile Fiction Footprints International School Library Network Toul Kork Campus Footprints International School Library Network Toul Kork Campus TK Primary Library Room(4th Floor), Bookcase 1&2, Shelves 1-16, Dark Blue Books 11/28/2024   GOO 813.6 PZ7.G61447 2024-2394 11/28/2024   11/28/2024 Books 2